Score 0/12 Timer 01:30
1 Play Today
% Correct
Bunny
94.1%
Lion
88.9%
Panda
88.5%
Crocodile
88.3%
Horse
83.9%
Peacock
80.4%
Swan
79.6%
Kangaroo
78.1%
Butterfly
74.7%
Bat
67.5%
Bull
67.1%
Moose
63.5%

Today's Daily Dose

Remove Ads.
Support Sporcle.
Get the best of Sporcle when you Go Orange. This ad-free experience offers more features, more stats, and more fun while also helping to support Sporcle. Thank you for becoming a member.

You're not logged in!

Compare scores with friends on all Sporcle quizzes.
OR
Log In

Show Comments

Extras

Top Quizzes Today


Score Distribution

Your Account Isn't Verified!

In order to create a playlist on Sporcle, you need to verify the email address you used during registration. Go to your Sporcle Settings to finish the process.

Report this User

Report this user for behavior that violates our Community Guidelines.

Details: